| 000 | 01131nam a22003377a 4500 | ||
|---|---|---|---|
| 003 | CHAP | ||
| 005 | 20220329135504.0 | ||
| 008 | 971013s1981 r 00010 d | ||
| 010 | _a37413 | ||
| 011 | _a38385 | ||
| 035 | _a42505 | ||
| 040 | _cCHAP | ||
| 090 | _aTesis | ||
| 100 | 0 | 0 |
_aOvalles Quintana, Trina María. _984377 |
| 245 | _aHistoria de la Universidad Autónoma Chapingo | ||
| 260 |
_aMéxico, D. F. : _bEl autor, _c1981 |
||
| 300 |
_a272 h. _b: apénd. : ilus. |
||
| 502 | _aTesis (Maestría en Pedagogía) -- UNAM. Facultad de Fisolofía y Letras. División de Estudios de Posgrado | ||
| 590 |
_aALEPH _b10 _c20130110 _lUCH01 _h1302 |
||
| 590 |
_aBATCH-UPD _b10 _c20130110 _lUCH01 _h1718 |
||
| 590 |
_aBATCH-UPD _b10 _c20130410 _lUCH01 _h1102 |
||
| 590 |
_aBATCH-UPD _b10 _c20130914 _lUCH01 _h1240 |
||
| 590 |
_aCONVERSION _b10 _c20130109 _lUCH01 _h1321 |
||
| 650 | 1 | 4 |
_aEducación agrícola _zMéxico. _935552 |
| 650 | 1 | 4 |
_aENA _xHistoria. _936672 |
| 650 | 1 | 4 |
_aEscuelas agrícolas _xMéxico. _937645 |
| 650 | 1 | 4 |
_aUACH _xHistoria. _9115803 |
| 901 | _aBK | ||
| 942 | _cTESIS | ||
| 949 |
_bBC _cTES _d-97875 _eTS1 _i42505 _si |
||
| 999 |
_c37413 _d37413 |
||